Statistics for U.S. States by Partisanship

Click here to take the quiz!

General Stats

  • This quiz has been taken 20 times
  • The average score is 23 of 51

Answer Stats

HintAnswer% Correct
R+25Wyoming
100%
R+17North Dakota
64%
R+14Alabama
57%
R+19Idaho
57%
R+15Kentucky
57%
R+20Oklahoma
57%
R+14South Dakota
57%
R+14Tennessee
57%
R+20Utah
57%
D+43Washington, D.C.
57%
EVENWisconsin
57%
R+5Arizona
50%
R+15Arkansas
50%
D+1Michigan
50%
D+1Minnesota
50%
R+11Montana
50%
R+14Nebraska
50%
EVENNew Hampshire
50%
EVENPennsylvania
50%
R+19West Virginia
50%
D+12California
43%
D+1Colorado
43%
R+2Florida
43%
R+5Georgia
43%
D+18Hawaii
43%
R+9Indian
43%
R+11Louisiana
43%
D+12Massachusetts
43%
R+9Mississippi
43%
R+9Missouri
43%
D+11New York
43%
R+3Ohio
43%
R+8South Carolina
43%
D+15Vermont
43%
D+1Virginia
43%
R+9Alaska
36%
D+6Connecticut
36%
R+3Iowa
36%
R+13Kansas
36%
D+3New Mexico
36%
R+3North Carolina
36%
D+10Rhode Island
36%
R+8Texas
36%
D+7Washington
36%
D+7Illinois
29%
D+12Maryland
29%
D+1Nevada
29%
D+7New Jersey
29%
D+5Oregon
29%
D+6Delaware
21%
D+3Maine
21%

Score Distribution

Percentile by Number Answered

Percent of People with Each Score

Your Score History

You have not taken this quiz